banner-ar

كرة القدم بين النظرية والتطبيق : (Record no. 31406)

MARC details
000 -الفاتح
حقل البيانات ثابتة الطول 00837nam a2200229Ia 4500
005 - وقت وتاريخ اخر تعامل مع التسجيلة
رقم الضبط 20240530102322.0
008 - عناصر البيانات ثابتة الطول - معلومات عامة
حقل البيانات ثابتة الطول 140319s9999 xx 000 0 ara d
040 ## - مصدر الفهرسة
وكالة الفهرسة الأصلية GCL /
وكالة النسخ GCL
082 04 - رقم تصنيف ديوى العشرى
رقم التصنيف 766.33/
رقم المادة ط ت
100 0# - المدخل الرئيسى - إسم شخصى
الإسم الشخصى طه اسماعيل
245 10 - بيان العنوان
العنوان كرة القدم بين النظرية والتطبيق :
بقية العنوان الاعداد البدنى فى كرة القدم /
بيان المسئوليه,etc طه اسماعيل، عمرو ابوالمجد، ابراهيم شعلان
260 ## - PUBLICATION, DISTRIBUTION, ETC. (IMPRINT)
تاريخ النشر أو التوزيع 1989
300 ## - الوصف المادى
التعداد 279
490 ## - بيان السلسلة
عنوان السلسلة كرة القدم بين النظرية والتبيطيق
رقم المجلد/ التعيين التسلسلي 0
650 04 - المدخل الاضافى بالموضوع-مصطلح موضوعى
مصطلح موضوعي تدريب
650 04 - المدخل الاضافى بالموضوع-مصطلح موضوعى
مصطلح موضوعي الالعاب الرياضية
650 04 - المدخل الاضافى بالموضوع-مصطلح موضوعى
مصطلح موضوعي كرة القدم
700 0# - المدخل الاضافى - اسم شخصى
الإسم الشخصى عمرو ابوالمجد
700 0# - المدخل الاضافى - اسم شخصى
الإسم الشخصى ابراهيم شعلان
942 ## - عناصر المدخل الإضافي( كوها)
مصدر التصنيف او مخطط الترفيف Dewey Decimal Classification
Koha [default] item type كتاب
260 ## - PUBLICATION, DISTRIBUTION, ETC. (IMPRINT)
-- [S.N] :
-- دار الفكر العربى ،
Holdings
حالة التراجع حالة الفقد مصدر التصنيف او خطة الترفيف حالة تلف ليس للاعارة المكان المؤقت الموقع الحالى تاريخ الاكتساب اجمالي اﻻعارات رقم الطلب الباركود تاريخ اخر مشاهدة تاريخ تفعيل السعر نوع وعاء كوها
    ddc     مكتبة القاهرة الكبرى مكتبة القاهرة الكبرى 03/26/2014   766.33/ ط ت 73434 03/26/2014 03/26/2014 كتاب
    ddc     مكتبة القاهرة الكبرى مكتبة القاهرة الكبرى 03/26/2014   766.33/ ط ت 73435 03/26/2014 03/26/2014 كتاب

Powered By

EGPV